Statistics for World Map with 10 Extra Borders #10

Click here to take the quiz!

General Stats

  • This quiz has been taken 1,166 times
    (734 since last reset)
  • The average score is 8 of 10

Answers on the Map

Answers color-coded by a green-red scale on the quiz's map according to % correct below.
Loading ...
 

Answer Stats

Country% Correct
Nepal
95%
Canada
93%
Finland
92%
Portugal
91%
Indonesia
89%
Algeria
88%
Namibia
88%
Kyrgyzstan
79%
Japan
63%
Papua New Guinea
62%

Score Distribution

Percentile by Number Answered

Percent of People with Each Score

Your Score History

You have not taken this quiz since the last reset